000 01910nam a2200253 4500
005 20250329165434.0
008 180709s2018 000 0 eng d
040 _aCO-CtgCURN
_bspa
_ccoctgcurn
082 0 _aENF 2018
_bC314
100 1 _aCarreazo Sánchez, Katherine Isabel.
245 1 0 _aEstrategias de promoción y prevención para el fortalecimiento de la salud mental implementadas en 3 universidades de Cartagena (Colombia), segundo semestre de 2018 /
_cKatherine Isabel Carreazo Sánchez; José Gregorio Laurens Cortezano; Erika Johana Orozco Rivero; Karina María Banquet Vásquez; Asesora: Sandra Lorena Vallejo Arias.
260 _aCartagena de Indias :
_bCorporación Universitaria Rafael Núñez,
_c2018.
300 _a176 h.
504 _aTrabajo de grado (Enfermeria). Corporación Universitaria Rafael Nuñez. Facultad de la Salud. Enfermeria, 2018.
520 _aLas universidades son entornos de alta exigencia y competitividad lo que puede afectar la salud mental de los estudiantes, por esto se diseñan e implementan estrategias para su promoción, prevención y fortalecimiento. OBJETIVO: Analizar las estrategias de promoción y prevención para el fortalecimiento de la salud mental que han sido implementadas en las universidades de Cartagena (Colombia) durante el segundo semestre de 2018.
650 0 _aEnfermeria
_vTesis y disertaciones academicas.
700 1 _aLaurens Cortezano, José Gregorio.
700 1 _aOrozco Rivero, Erika Johana.
700 1 _aBanquet Vásquez, Karina María.
700 1 _aVallejo Arias, Sandra Lorena,
_eAsesora.
856 _uhttps://unicurn.sharepoint.com/:b:/s/biblioteca/ETjhx-EjKw9KpUcObz-z5coB96zfNbXut9-jipGJ9-2phQ?e=9fKzuJ
_zClick aqui para ver el recurso en texto completo
942 _2ddc
_cTG
_hENF 2018
_iC314
999 _c3996
_d3996